000 00602nam a2200205Ia 4500
003 OSt
005 20260417154855.0
020 _a9966-01-137-4
040 _cLC
050 _aKD 2059 .O 38 2010
100 _aOgola,John Joseph
245 0 _aCompany Law
250 _a3
260 _aNairobi,
_bFocus Publishers Ltd,
_c2010,
300 _a472 p, ill
500 _aIncludes index
650 _a 1. Corporation law-Kenya-Textbooks 2. Business enterprises-Law and legislation-Kenya 3. Company law-Study guides-Kenya 4. Corporate governance-Kenya
700 _aGitau Robert
942 _cBK
_2lcc
999 _c162813
_d162813